LEADER 01272nam a2200229 i 4500 001 000000152841 003 CaOOAMICUS 005 20160113000000.0 008 160113s1863 it u000 u ita u 013 $a130182 040 $aSeMil$bita 100 1 $aLuis : de San Diego.$0(OLS)http://semarc/name/59883 245 10$aStoria della vita di s. Michele dei Santi dell'Ordine de' Trinitari scalzi per la redenzione degli schiavi /$cscritta in spagnolo dal r.p. Luigi di S. Diego ; e dalla traduzione francese voltata in volgare dal r.p. Basilio della Vergine. 260 $aRoma :$bStabilimento tipografico Aureli e C.,$c1863. 300 $aXV, 317 p., [1] c. di tav. :$britr. ;$c22 cm. 500 $aLegato con 3J-III-19 FA. 650 4$aMichele : dei Santi (Miguel de los Santos) .$0(OLS)http://semarc/subject/16605 700 1 $aBasilio : della Vergine.$0(OLS)http://semarc/name/59884 850 $aSeMil 852 $aSeMil$W1$xVenegono$y1$m3J III 20 FA$j104785$B104785$CSeMilBibl$Z2$F114009 $8I 996 $6245$aStoria della vita di s. Michele dei Santi dell'Ordine de' Trinitari scalzi per la redenzione degli schiavi$9(OLS)http://semarc/title/223509 996 $6260$aRoma :$bStabilimento tipografico Aureli e C.$9(OLS)http://semarc/publisher/48036 LEADER 00968nam a2200193 i 4500 001 000000004204 003 CaOOAMICUS 005 20180830125436.0 008 180830n fr u000 u und u 040 $aSeMil$bita 100 1 $aAlcan, Michel <1811-1877>.$0(OLS)http://semarc/name/89263 245 10$aEncyclopédie théorique et pratique des connaissances utiles composée de traités sur les connaissances les plus indispensables /$cpar messieurs Alcan ... [et al.]. 260 $aParis :$bGarnier frères,$c[1860]-[1861] 300 $a2 v. ;$c27 cm. 650 4$aEnciclopedie e dizionari - Opere anteriori al 1900.$0(OLS)http://semarc/subject/838 774 0 $tTome 1.$g1$w()257668 774 0 $tTome 2.$g2$w()257669 996 $6245$aEncyclopédie théorique et pratique des connaissances utiles composée de traités sur les connaissances les plus indispensables$9(OLS)http://semarc/title/400384 996 $6260$aParis :$bGarnier frères$9(OLS)http://semarc/publisher/33256